[Event "SVK-chT3A2 0910"]
[Site "Slovakia"]
[Date "2009.12.20"]
[Round "8.4"]
[White "Vach, Jozef"]
[Black "Leska, Marian"]
[Result "1-0"]
[WhiteElo "1907"]
[BlackElo "1668"]
[PlyCount "105"]
[EventDate "2009.10.18"]
[EventType "team-tourn"]
[EventRounds "11"]
[EventCountry "SVK"]
[SourceTitle "EXT 2011"]
[Source "ChessBase"]
[SourceDate "2010.11.26"]
[SourceVersion "1"]
[SourceVersionDate "2010.11.26"]
[SourceQuality "1"]
[WhiteTeam "Skalica"]
[BlackTeam "Skalica II"]
[WhiteTeamCountry "SVK"]
[BlackTeamCountry "SVK"]

1. e4 e6 2. d4 d5 3. Nd2 dxe4 4. Nxe4 Nd7 5. Be3 Ngf6 6. Nxf6+ Nxf6 7. Nf3 Be7 8. Bd3 0-0 9. 0-0 b6 10. c3 Bb7 11. Rc1 Rc8 12. Nd2 Qd5 13. Qf3 Qxf3 14. gxf3 Rfd8 15. Ne4 Nxe4 16. fxe4 c5 17. f4 f6 18. Bc4 Kf8 19. Bxe6 Rc7 20. d5 Bc8 21. f5 Bd6 22. c4 Be5 23. b3 Ke7 24. Bf4 Kd6 25. Be3 Bb7 26. Rc2 Ba6 27. Rfc1 Bc8 28. Bxc8 Rdxc8 29. Kf2 h6 30. Kf3 a5 31. a3 Ke7 32. Rg2 Kf7 33. Rcg1 Kf8 34. Bf4 Re8 35. Be3 Bd6 36. Re2 Rb7 37. Bd2 Rc7 38. Rge1 Kf7 39. h3 Kf8 40. Rb1 Rb8 41. Bf4 Rd8 42. Bxd6+ Rxd6 43. e5 fxe5 44. Rxe5 Rf7 45. Rbe1 Rd8 46. Ke4 Re8 47. Re6 Rb7 48. d6 Kf7 49. Kd5 Rbb8 50. Rxe8 Rxe8 51. Rxe8 Kxe8 52. Ke6 Kd8 53. d7 1-0

[Event "SVK-chT3A2 0910"]
[Site "Slovakia"]
[Date "2009.10.24"]
[Round "2.5"]
[White "Leska, Marian"]
[Black "Kahancova, Jana"]
[Result "1-0"]
[WhiteElo "1668"]
[BlackElo "1575"]
[PlyCount "91"]
[EventDate "2009.10.18"]
[EventType "team-tourn"]
[EventRounds "11"]
[EventCountry "SVK"]
[SourceTitle "EXT 2011"]
[Source "ChessBase"]
[SourceDate "2010.11.26"]
[SourceVersion "1"]
[SourceVersionDate "2010.11.26"]
[SourceQuality "1"]
[WhiteTeam "Skalica II"]
[BlackTeam "Dunajska Streda SK III"]
[WhiteTeamCountry "SVK"]
[BlackTeamCountry "SVK"]

1. d4 e6 2. c4 d5 3. e3 Nf6 4. Nc3 Be7 5. Nf3 b6 6. Be2 dxc4 7. Bxc4 Bb7 8. 0-0 0-0 9. Be2 Nbd7 10. b3 c5 11. dxc5 Nxc5 12. Bb2 Qc7 13. Rc1 Rad8 14. Qc2 Qb8 15. Rfd1 Nfe4 16. b4 Nxc3 17. Bxc3 Ne4 18. Be5 Bd6 19. Bxd6 Nxd6 20. Qc7 Qxc7 21. Rxc7 Bxf3 22. Bxf3 Nb5 23. Rcd7 Rxd7 24. Rxd7 Rc8 25. g3 Rc1+ 26. Kg2 g6 27. a4 Nc7 28. b5 a5 29. Bc6 Nd5 30. Bxd5 exd5 31. Rxd5 Rc4 32. Rd4 Rxd4 33. exd4 Kf8 34. Kf3 Ke7 35. Ke4 Kd6 36. g4 f6 37. h4 h6 38. h5 g5 39. Kf5 Kd5 40. Kxf6 Kxd4 41. Kg6 Kc4 42. Kxh6 Kb4 43. Kxg5 Kxa4 44. h6 Kb3 45. h7 a4 46. h8Q 1-0